000 00906nam a2200253Ia 4500
003 OSt
005 20220925234316.0
006 a|||||r|||| 00| 0
007 ta
008 220923b |||||||| |||| 00| 0 eng d
020 _a9789351391715
_c382.5
037 _b20355(D), 17/03/2015, ARYAN BOOKS INTERNATIONAL
_cGeneral Book
040 _aRTL
_cRTL
_beng
041 _2eng
_aeng
082 _aX7281:(Z).2, Q4
100 _aDARUWALA Bomi F
_9299922
245 0 _aBHARAT'S WEALTH tax
_bSecurities transaction tax, commodities transaction tax and limited liability partnership act with rules.
250 _a23rd.
260 _a New Delhi
_bBharat Law House
_c2014
300 _aVarious Pagination.
_ccm.
500 _aNote: With CD-ROM
942 _hX7281:(Z).2, Q4
_cGB
_2CC
999 _c595354
_d595354